000 00287nam a22001337a 4500
008 170623b xxu||||| |||| 00| 0 eng d
020 _a9780618122851
041 _aeng
080 _a94
100 _a16
101 _aSHH
245 _aTHE HISTORY HANDBOOK
_cBERKIN,C
942 _2udc
_cBK
999 _c18982
_d18982